Music Quiz

Random Music or Rap Quiz
Score 0/20 Timer 15:00
0 Plays Today
Hint Answer % Correct
East Coast rapperbiggie smalls
82.1%
West Coast rapperTupac
82.1%
New YorkJay-Z
82.1%
Severely dipped in qualityEminem
82.1%
Bi polar JesusKanye West
71.8%
West Coast rapperDr Dre
66.7%
East Coast rappernas
64.1%
West Coast rapperIce Cube
64.1%
West Coast RapperSnoop Dogg
64.1%
West Coast rapperkendrick lamar
56.4%
Hint Answer % Correct
Pioneerrakim
41%
Marvel VillainMF Doom
38.5%
East Coast rapperMethod Man
35.9%
Lauren Benjaminandre 3000
33.3%
Black StarMos Def
33.3%
East Coast rapperGhostface Killah
28.2%
PioneerSlick Rick
25.6%
East Coast rapperRaekwon
17.9%
East Coast rapperThe RZA
17.9%
Trouble on his mindPusha-T
12.8%

You're not logged in!

Compare scores with friends on all Sporcle quizzes.
OR
Log In

Sporcle TV

Today on Sporcle TV


Watch our educational content, quiz creation guides, and fun videos on Sporcle TV.

Show Comments

Extras

Created Sep 25, 2019ReportNominate
Tags:Artist Quiz, Rap Quiz, goat, Rapper

Top Quizzes Today


Score Distribution

Paid Content

Your Account Isn't Verified!

In order to create a playlist on Sporcle, you need to verify the email address you used during registration. Go to your Sporcle Settings to finish the process.

Report this User

Report this user for behavior that violates our Community Guidelines.

Details: